[Event "Bangkok Big Rook op"]
[Site "Bangkok"]
[Date "2024.02.24"]
[Round "2"]
[White "Baba, Masahiro"]
[Black "Lauron, Paul John"]
[Result "1-0"]
[WhiteElo "2184"]
[BlackElo "1686"]
[PlyCount "67"]
[EventDate "2024.02.23"]
[EventType "swiss"]
[EventRounds "7"]
[EventCountry "THA"]
[SourceTitle "CB10_2024"]
[SourceDate "2024.03.06"]
[SourceVersion "1"]
[SourceVersionDate "2024.03.06"]
[SourceQuality "1"]

1. e4 e5 2. Nf3 Nc6 3. Bb5 f5 4. d3 fxe4 5. dxe4 Nf6 6. 0-0 Bc5 7. Qd3 Qe7 8. Nc3 Nd4 9. Nxd4 Bxd4 10. Ne2 Bb6 11. Ng3 g6 12. a4 a6 13. Bc4 Ng4 14. h3 h5 15. hxg4 hxg4 16. Be3 Qh4 17. Rfe1 Bxe3 18. Qxe3 d6 19. Kf1 Bd7 20. Ke2 Ke7 21. Rh1 Qf6 22. a5 Raf8 23. Rxh8 Rxh8 24. Rh1 Rh4 25. Rxh4 Qxh4 26. Kf1 Ba4 27. b3 Bd7 28. Kg1 Bc8 29. Ne2 c6 30. Nc3 Qh5 31. g3 Bd7 32. Na4 c5 33. Nb6 Bc6 34. Nd5+ 1-0

[Event "Subang Jaya op 12th"]
[Site "Subang Jaya"]
[Date "2024.01.27"]
[Round "3"]
[White "Sivakumar, Lokesh"]
[Black "Lauron, Paul John"]
[Result "0-1"]
[WhiteElo "1361"]
[BlackElo "1684"]
[PlyCount "31"]
[EventDate "2024.01.27"]
[EventType "swiss"]
[EventRounds "8"]
[EventCountry "MAS"]
[SourceTitle "CB06_2024"]
[SourceDate "2024.02.07"]
[SourceVersion "1"]
[SourceVersionDate "2024.02.07"]
[SourceQuality "1"]

1. e4 Nc6 2. Nf3 e5 3. Bc4 Nf6 4. d4 exd4 5. 0-0 Bc5 6. e5 d5 7. exf6 dxc4 8. Re1+ Be6 9. Ng5 Qd5 10. Nc3 Qf5 11. Nce4 0-0-0 12. Nxe6 fxe6 13. Nxc5 Qxc5 14. Qg4 gxf6 15. Qxe6+ Kb8 16. Bd2 0-1